| 000 | 02755nam a22002774a 4500 | ||
|---|---|---|---|
| 003 | BOLpUSFA | ||
| 005 | 20260407151323.0 | ||
| 008 | t bo grm 001 | spa|| | ||
| 040 | _aBOLpUSFA | ||
| 041 | _aspa | ||
| 044 | _aBO | ||
| 082 |
_aICO0044 _bM263aPG |
||
| 100 | _aMamani Mamani, Omar Sandalio | ||
| 245 | _aAnálisis de viabilidad para la creación de una Microempresa comercializadora de material escolar en la Zona Santiago Milluni del Distrito 2 de la ciudad de El Alto | ||
| 260 |
_aEl Alto: _bUniversidad Privada San Francisco de Asís. Carrera de Ingeniería Comercial, _c2025 |
||
| 300 | _a171 p. | ||
| 502 | _aModalidad: Proyecto de Grado - Tutora: Lic. Melody Mariel Vicente Canaviri | ||
| 520 | _aEl proyecto parte de la identificación de la problemática principal en la ciudad de El Alto, cuya economía se sustenta en el comercio y el transporte, siendo un punto estratégico de distribución hacia La Paz. Se observa un incremento de precios y falsificación de materiales escolares, mientras que el distrito 2 cuenta con 183 unidades educativas y seis colegios cercanos al área del proyecto, lo que representa una oportunidad de mercado. Para abordar esta situación, se aplicaron metodologías cuantitativas y cualitativas que permitieron comprender el entorno comercial y definir la viabilidad del negocio. En primer lugar, se utilizó la metodología descriptiva y de campo, mediante la aplicación de 381 encuestas estructuradas dirigidas a la población económicamente activa, con el propósito de identificar la demanda, las preferencias de compra y los factores que influyen en la decisión del consumidor. Para la gestión interna, se empleó la metodología del proceso administrativo, abarcando las etapas de planificación, organización, dirección y control, lo que permitió establecer una estructura operativa eficiente. Asimismo, el marketing mix basado en las 7P del marketing (producto, precio, plaza, promoción, personas, procesos y evidencia física) sirvió como guía para diseñar estrategias comerciales que fortalezcan la posición competitiva de la empresa. Finalmente, se aplicó la metodología financiera, calculando indicadores como el VAN y la TIR, los cuales confirmaron la rentabilidad del proyecto, demostrando una inversión de Bs 200.000, una recuperación en dos años, un VAN de Bs 77.127 y una TIR del 54%. | ||
| 650 | _aIngeniería Comercial | ||
| 650 | _aProyecto de Grado | ||
| 650 | _aAnálisis de viabilidad | ||
| 650 | _aComercializadora | ||
| 650 | _aMaterial escolar | ||
| 651 | _aEl Alto | ||
| 942 |
_2ddc _cTE _zLLO |
||
| 999 |
_c9680 _d9680 |
||